000 00440pab a2200181 454500
008 180718b2007 xxu||||| |||| 00| 0 eng d
100 _aHoodfar, Homa
245 _aWomen, religion and the `Afghan education movement' in Iran
260 _c2007
300 _ap.265-93.
362 _aFeb
650 _aEducation
650 _aReligion
650 _aWomen
773 _aJournal of Development Studies
908 _aN
909 _a75176
999 _c75176
_d75176